000
00298nam a22001337a 4500
008
181107b xxu||||| |||| 00| 0 eng d
020
_a
9780534080648
041
_a
eng
080
_a
101
100
_a
23
101
_a
FIL
245
_a
The Questions Of Philosophy
_c
Roth.J.K
942
_2
udc
_c
BK
999
_c
52188
_d
52188